000
00283nam a22001097a 4500
008
170110b xxu||||| |||| 00| 0 eng d
020
_a
9780397550913
041
_a
eng
080
_a
618.2
245
_a
QUALITATIVE RESEARCH IN NURSING
_c
STREUBERT, H.J & CARPENTER, D.R
942
_2
udc
_c
BK
999
_c
2651
_d
2651